Taylor Swift - Track 4 - Statistiques

Statistiques générales
  • Ce quiz a été pris 142 fois
    25 depuis la dernière actualisation
  • Le résultat moyen est 12 sur 12
Statistiques - réponses
Albums Chansons % Correct
Reputation Don't Blame Me
100%
The Life of a Showgirl Father Figure
100%
Speak Now Speak Now
100%
Lover The Man
100%
evermore 'tis the damn season
100%
The Tortured Poets Department Down Bad
94%
folklore exile
94%
Fearless Hey Stephen
94%
Red I Knew You Were Trouble
94%
1989 Out of the Woods
94%
Midnights Snow on the Beach
94%
Taylor Swift A Place in this World
88%
Aucun quiz correspondant
Distribution des résultats
% des personnes avec chaque résultat
Percentile par nombre de réponses
Votre historique - résultats
Vous n’avez pas pris ce quiz depuis la dernière actualisation